000 00767nam a2200241 i 4500
001 bg
245 0 0 _aStatystyka i data mining w badaniach naukowych :
_bWarszawa - Kraków 2004 /
_cStatsoft.
260 _aWarszawa ;
_aKraków :
_bStatSoft Polska,
_c2004.
300 _a124 s. :
_brys., wykr. ;
_c24 cm.
490 1 _aZastosowania Statystyki i Data Mining
504 _aBibliogr. przy ref.
650 9 _aStatistica (informat.)
_xstosowanie
650 9 _aStatystyka
_xstosowanie
655 _aMateriały konferencyjne
830 _aZastosowania Statystyki i Data Mining
020 _a8388724223
040 _cBPK
041 0 _apol
080 _a311:519.2:004.42](061)
920 _a83-88724-22-3
942 _cKS
008 s pl f |000 0 pol
999 _c45291
_d45291
856 _uhttp://koha.tu.koszalin.pl/cgi-bin/koha/opac-detail.pl?biblionumber=45291
_yKatalog online BPK